Szczegóły MARC21

Bułgaria i Rumunia w Unii Europejskiej : szansa czy konkurencja dla Polski /

003 -Nazwa inst., której nr kontr. jest w polu 001 [,]
    • @
    • Nazwa instytucji, której n kontrolny jest w polu 001
    • NUKAT
005 -DATA I CZAS OSTATNIEJ MODYFIKACJI [,]
    • @
    • pole kontrolne
    • 20241231093640.0
040 -Instytucja sporządzająca opis [ , ]
    • a
    • Instytucja, która sporządziła opis (NP)
    • KIEL 010/ES
    • c
    • Instytucja, która sporządziła rekord (NP)
    • KIEL 010/ES
    • d
    • Instytucja, która zmodyfikowała rekord (P)
    • KIEL 010/ES
    • d
    • Instytucja, która zmodyfikowała rekord (P)
    • KR 7/HTs
942 -Rodzaj dokumentu [ , ]
    • c
    • Rodzaj dokumentu
    • Książka
245 -Strefa tytułu i oznaczenia odpowiedzialności [0,0]
    • a
    • Tytuł
    • Bułgaria i Rumunia w Unii Europejskiej : Find
    • b
    • Ciąg dalszy tytułu (NP)
    • szansa czy konkurencja dla Polski / Find
    • c
    • Pozostałe elementy strefy tytułu i oznaczenia odpowiedzialności (NP)
    • [aut. Wojciech Paczyński et al. ; red. nauk. Ewa Balcerowicz].
260 -Strefa adresu wydawniczego [ , ]
    • a
    • Miejsce wydania (P)
    • Warszawa :
    • b
    • Nazwa wydawcy (P)
    • CASE - Centrum Analiz Społeczno-Ekonomicznych - Fundacja Naukowa,
    • c
    • Data wydania (P)
    • 2007.
300 -Strefa opisu fizycznego [ , ]
    • a
    • Określenie formy książki i/lub objętość (NP)
    • 34 s. :
    • b
    • Oznaczenie ilustracji (NP)
    • il. ;
    • c
    • Format (NP)
    • 26 cm.
336 -Typ zawartości [ , ]
    • a
    • Termin opisujący typ zawartości
    • Tekst
    • b
    • Kod określający zawartość
    • txt
    • 2
    • Źródło (terminu i kodu)
    • rdacontent
337 -Typ mediów [ , ]
    • a
    • Tryb odtwarzania
    • Bez urządzenia pośredniczącego
    • b
    • Kod typu mediów
    • n
    • 2
    • Źródło (terminu i kodu)
    • rdamedia
338 -Typ/rodzaj nośnika [ , ]
    • a
    • Hasło opisujące typ nośnika
    • Wolumin
    • b
    • Kod typu nośnika
    • nc
    • 2
    • Źródło (terminu i kodu)
    • rdacarrier
490 -Strefa serii i książki wielotomowej - forma nie do wyszukiwania [1, ]
    • a
    • Tytuł (P)
    • Zeszyty BRE Bank-CASE, Find
    • x
    • ISSN (NP)
    • 1233-121X ;
    • v
    • Numeracja (P)
    • nr 88
830 -Hasło dodatkowe serii i opisu książki wielotomowej - tytuł ujednolicony/tytuł [ ,0]
    • a
    • Tytuł ujednolicony/tytuł (NP)
    • Zeszyty BRE Bank-CASE
    • x
    • ISSN
    • 1233-121X
    • v
    • Oznaczenie tomu (NP)
    • 88
    • 9
    • KHW
    • 730949
500 -Uwaga ogólna [ , ]
    • a
    • Uwaga ogólna (NP)
    • Zawiera materiały z 88 seminarium BRE-CASE, Warszawa, 25 stycznia 2007 r.
500 -Uwaga ogólna [ , ]
    • a
    • Uwaga ogólna (NP)
    • Na dole stron nieparzystych omyłkowo: 87 seminarium BRE-CASE, Warszawa, 23 listopada 2006 r.
080 -Uniwersalna Klasyfikacja Dziesiętna [ , ]
    • 2
    • Identyfikator wydania tablic
    • UDC-P058
    • 9
    • UKD
    • 3339
    • a
    • Symbol klasyfikacji
    • 339.923
    • b
    • Dopowiedzenie
    • Unie gospodarcze. Wspólnoty gospodarcze. Bloki gospodarcze.
    • 4
    • UKD2
    • 7975
    • x
    • Poddział wspólny
    • (4-67)
    • c
    • Dopowiedzenie poddz. wspólnego
    • (Kraje Unii Europejskiej).
    • 4
    • UKD2
    • 9993
    • x
    • Poddział wspólny
    • (497.2)
    • c
    • Dopowiedzenie poddz. wspólnego
    • (Bułgaria).
    • 4
    • UKD2
    • 8112
    • x
    • Poddział wspólny
    • (498)
    • c
    • Dopowiedzenie poddz. wspólnego
    • (Rumunia)
    • 4
    • UKD2
    • 9283
    • x
    • Poddział wspólny
    • "2001/..."
    • c
    • Dopowiedzenie poddz. wspólnego
    • Od 2001.
    • 4
    • UKD2
    • 7641
    • x
    • Poddział wspólny
    • (061)
    • c
    • Dopowiedzenie poddz. wspólnego
    • (Wydawnictwa odnoszące się do konferencji, zjazdów itd. Sprawozdania z konferencji).
610 -Hasło przedmiotowe w formie nazwy ciała zbiorowego [2,7]
    • a
    • Nazwa ciała zbiorowego lub nazwa geograficzna
    • Unia Europejska
    • z
    • Określnik geograficzny
    • Bułgaria
    • v
    • Określnik formalny
    • konferencje.
    • 2
    • Źródło terminu
    • kaba
    • 9
    • KHW
    • 735892
610 -Hasło przedmiotowe w formie nazwy ciała zbiorowego [2,7]
    • a
    • Nazwa ciała zbiorowego lub nazwa geograficzna
    • Unia Europejska
    • z
    • Określnik geograficzny
    • Rumunia
    • v
    • Określnik formalny
    • konferencje.
    • 2
    • Źródło terminu
    • kaba
    • 9
    • KHW
    • 735891
980 -Symbol UKD [ , ]
    • a
    • UKD
    • 339.923(4-67:497.2:498)"2007/..."(061)
700 -Hasło dodatkowe - nazwa osobowa [1, ]
    • a
    • Nazwa osobowa (NP)
    • Paczyński, Wojciech. Find
    • 9
    • KHW
    • 735799
700 -Hasło dodatkowe - nazwa osobowa [1, ]
    • a
    • Nazwa osobowa (NP)
    • Balcerowicz, Ewa Find
    • d
    • Daty biograficzne (NP)
    • (1953- ).
    • e
    • Określenie rodzaju współpracy
    • Red.
    • 9
    • KHW
    • 229164
710 -Hasło dodatkowe - nazwa ciała zbiorowego [2, ]
    • a
    • Nazwa ciała zbiorowego lub nazwa geograficzna jako pierwszy element (NP)
    • Centrum Analiz Społeczno-Ekonomicznych Fundacja Naukowa CASE.
    • 4
    • Kod relacji
    • pbl
    • 9
    • KHW
    • 20297
931 -Powiązanie tyt. z wydaw. ciągłym [ , ]
    • a
    • Powiązanie tytułówki z wydaw. ciągłym
    • PATRZ WYDAWNICTWO CIĄGŁE
    • z
    • Numer rek. powiązanego
    • 120613